| 000 | 00990nas a2200277 4500 | ||
|---|---|---|---|
| 001 | BR2011004589 | ||
| 003 | BR-BrBNA | ||
| 005 | 20231205115523.0 | ||
| 007 | ta | ||
| 008 | 230509b bl.|||p| |||| 00| 00por d | ||
| 040 |
_aBR-BrBNA _bpor _cBiblioteca Nacional de Agricultura |
||
| 041 | _a(Pt) | ||
| 072 | _aL72 | ||
| 100 | 1 | _aSilva, P.G. da | |
| 100 | 1 | _aGarcia, M.A. da R. | |
| 100 | 1 | _aVidal, M.B. | |
| 245 | 1 | _aEspécies de besouros copro-necrófagos (Coleoptera: Scarabaeidae)da Região Campanha do Rio Grande do Sul | |
| 246 | 1 | _aSpecies of copro-necrophagous beetles (Coleoptera: Scarabaeidae)in the Campanha do Rio Grande do Sul | |
| 650 | _aBOVINOCULTURA | ||
| 650 | _aPRAGA DE ANIMAL | ||
| 650 | _aBESOURO COPRÓFAGO | ||
| 650 | _aINSETO PARA CONTROLE BIOLÓGICO | ||
| 773 | 0 |
_tRevista de Ciências Agroveterinárias (Brazil) _xISSN 1676-9732 _g(Jul-Dec 2008), v. 7(2) p. 143-149 _wBR2011004589 |
|
| 909 |
_a202311 _bLúcia _c55 _dLúcia Elande |
||
| 942 |
_2AGRIS _n0 _cANA |
||
| 999 |
_c214226 _d214226 |
||